| 000 | 00438nam a2200145Ia 4500 | ||
|---|---|---|---|
| 008 | 100415s9999 xx 000 0 und d | ||
| 082 |
_b17246 _a636.0887 |
||
| 100 | _aLoxton Howard | ||
| 245 | _aBeautiful Cats from Family Pets to Pedigrees | ||
| 260 |
_aLONDON _c1980 _bCATHAY BOOKS |
||
| 365 | _b0 | ||
| 630 | _aBeautiful Cats from Family Pets to Pedigrees | ||
| 730 | _aBeautiful Cats from Family Pets to Pedigrees | ||
| 942 | _cBOOK | ||
| 999 |
_c600143 _d600140 |
||